La tutela y el derecho a la salud período 2003-2004 / (Registro nro. 3817)

Detalles MARC
000 -LEADER
fixed length control field 00796nam a2200229Ia 4500
003 - CONTROL NUMBER IDENTIFIER
control field OSt
005 - DATE AND TIME OF LATEST TRANSACTION
control field 20200812191144.0
008 - FIXED-LENGTH DATA ELEMENTS--GENERAL INFORMATION
fixed length control field 191128s2007 ck ad gr 000 0 spa d
020 ## - INTERNATIONAL STANDARD BOOK NUMBER
International Standard Book Number 9589353776
040 ## - CATALOGING SOURCE
Original cataloging agency CO-JMCR
Transcribing agency CO-JMCR
041 0# - LANGUAGE CODE
Language code of text/sound track or separate title spa
082 04 - DEWEY DECIMAL CLASSIFICATION NUMBER
Classification number 344.05 /
Item number M516t
Edition number 23
100 1# - MAIN ENTRY--PERSONAL NAME
Personal name Mejía Villegas, Darío,
Relator term autor
9 (RLIN) 8694
245 13 - TITLE STATEMENT
Title La tutela y el derecho a la salud período 2003-2004 /
Statement of responsibility, etc. Darío Mejía Villegas
260 ## - PUBLICATION, DISTRIBUTION, ETC.
Place of publication, distribution, etc. Bogotá :
Name of publisher, distributor, etc. Defensoría del Pueblo,
Date of publication, distribution, etc. 2007
300 ## - PHYSICAL DESCRIPTION
Extent 82 páginas :
Other physical details gráficos a color ;
Dimensions 23 cm.
505 0# - FORMATTED CONTENTS NOTE
Formatted contents note Aspectos metodológicos -- Resultados
650 14 - SUBJECT ADDED ENTRY--TOPICAL TERM
Topical term or geographic name entry element Acción de tutela
9 (RLIN) 8695
Geographic subdivision Colombia
650 14 - SUBJECT ADDED ENTRY--TOPICAL TERM
Topical term or geographic name entry element Derecho a la salud
Geographic subdivision Colombia
9 (RLIN) 8696
650 14 - SUBJECT ADDED ENTRY--TOPICAL TERM
Topical term or geographic name entry element Tutela
General subdivision legislación sobre salud pública
Geographic subdivision Colombia
9 (RLIN) 8697
942 ## - ADDED ENTRY ELEMENTS (KOHA)
Source of classification or shelving scheme Dewey Decimal Classification
Koha item type Books
Existencias
Withdrawn status Lost status Source of classification or shelving scheme Damaged status Not for loan Collection code Home library Current library Date acquired Source of acquisition Full call number Barcode Date last seen Copy number Koha item type
    Dewey Decimal Classification     Non-fiction Biblioteca Pública José María del Castillo y Rada Biblioteca Pública José María del Castillo y Rada 12/01/2018 Donación 344.05 / M516t 201808299 05/16/2024 Ej.1 Books